Statistics for NASCAR Drivers By Car

Click here to take the quiz!

General Stats

  • This quiz has been taken 69 times
  • The average score is 10 of 15

Answer Stats

Answer% Correct
Jeff Gordon
96%
Jimmie Johnson
91%
Mark Martin
87%
Rusty Wallace
83%
Tony Stewart
83%
Darrell Waltrip
76%
Michael Waltrip
76%
Davey Allison
72%
Kyle Petty
72%
Bobby Allison
70%
Harry Gant
70%
Martin Truex Jr.
70%
Bobby Labonte
46%
Ricky Rudd
35%
Kevin Harvick
20%

Score Distribution

Percentile by Number Answered

Percent of People with Each Score

Your Score History

You have not taken this quiz